000
00198nam a2200085 4500
001
1258932
005
20260406103125.0
245
_a
FATİH SULTAN MEHMET
_c
HASAN YİĞİT
260
_b
MAVİÇATI YAYINLARI
999
_c
1258932
_d
1258932